| 000 | 01131cam a2200397 i 4500 | ||
|---|---|---|---|
| 001 | 0000552 | ||
| 003 | DO-SdBPM | ||
| 005 | 20250710091401.0 | ||
| 007 | ta | ||
| 008 | 100514s1988 sp 000 f spa | ||
| 015 | _a | ||
| 017 |
_a _b |
||
| 020 | _a8434585642 (t. 97) | ||
| 020 | _a8434584670 (obra completa) | ||
| 035 | _a | ||
| 040 |
_aDO-SdBPM _bspa _cBPMSU _e rda |
||
| 080 | _a | ||
| 082 | 4 |
_a891.73 _bD724j 1988 _222 |
|
| 100 | 1 |
_aDostoyevski, Fedor _d1821-1881 _eautor |
|
| 240 | 1 | 0 |
_a _l |
| 245 | 1 | 3 |
_aEl jugador / _cFedor Dostoyevski ; traducción José Laín Entralgo _h |
| 264 |
_a Barcelona : _bSalvat, _c1988. |
||
| 300 |
_a185 páginas : _c19 cm. |
||
| 336 |
_atexto _btxt _2rdacontent |
||
| 337 |
_asin mediación _bn _2rdamedia |
||
| 338 |
_avolumen _bnc _2rdacarrier |
||
| 490 | 0 |
_aNovela y ocio, _v97 |
|
| 590 | _aInventariado, 2025/VM | ||
| 650 | 7 | _aNovela juvenil rusa | |
| 650 | 7 |
_a Juegos de azar _vNovela juvenil |
|
| 650 | 7 | _aLiteratura rusa | |
| 700 | 1 |
_aLaín Entralgo, José _etraducción |
|
| 830 | 0 | _n | |
| 910 | _aVMateo V. Control de calidad BPMSU | ||
| 942 |
_2ddc _cBK |
||
| 999 |
_c10961 _d10961 |
||